Statistiche per Vincitori Mondiali di calcio

Clicka qui per fare il quiz!

Statistiche generali

  • Questo quiz è stato fatto 114 volte
  • Il punteggio medio è 8 su 8

Statistiche sulle risposte

Numero vittorieEdizioni vincentiNazionale% Corretto
51958 - 1962 - 1970 - 1994 - 2002Brasile
100%
41934 - 1938 - 1982 - 2006Italia
99%
31978 - 1986 - 2022Argentina
98%
21998 - 2018Francia
98%
41954 - 1974 - 1990 - 2014Germania
98%
12010Spagna
98%
21930 - 1950Uruguay
96%
11966Inghilterra
91%

Distribuzione punteggi

Percentile per numero di risposta

Percentuale di utenti per punteggio

I tuoi punteggi nel tempo

Non hai fatto questo quiz